Zpráva o 14. společné schůzi Sněmovny lidu a Sněmovny národů 6. volební období. 19.-22.3. a 26.3.-5.4.1991. Část 5

Gespeichert in:
Bibliographische Detailangaben
Format: Buch
Sprache:Tschechisch
Veröffentlicht: Praha Federální shromáždění ČSFR 1991
Tags: Tag hinzufügen
Keine Tags, Fügen Sie das erste Tag hinzu!

MARC

LEADER 00000nam a2200000 4500
001 c036314
005 20250606091316.9
041 0 |a cze 
044 |a CZ 
245 1 0 |a Zpráva o 14. společné schůzi Sněmovny lidu a Sněmovny národů  |b 6. volební období. 19.-22.3. a 26.3.-5.4.1991. Část 5 
264 1 |a Praha  |b Federální shromáždění ČSFR  |c 1991 
300 |a S.1179-1609